000 00394 a2200121 4500
001 ART_7567
005 20260410161720.0
008 260409a
245 1 0 _aAportes tecnológicos al sistema de control interno
100 1 _aFronti de García, Luisa
700 1 _aSuárez Kimura, Elsa Beatriz
773 0 _tContabilidad y auditoría
_g- Año 14, Nº 27 (jun. 2008)
_wREV1723
999 _c16902
_d16902